|
|
|
|
| LEADER |
00000nas a2200000 a 4500 |
| 001 |
ssj0000464454 |
| 003 |
WaSeSS |
| 005 |
20200512172242.0 |
| 006 |
m d |
| 007 |
cr n |
| 008 |
090120c20089999bl fr p s 0 0por c |
| 010 |
|
|
|a 2011263128
|
| 016 |
7 |
|
|a 992511666
|2 DE-101
|
| 016 |
7 |
|
|a 2478012-1
|2 DE-600
|
| 022 |
|
|
|a 1983-3482
|l 1983-3482
|
| 035 |
|
|
|a (WaSeSS)ssj0000464454
|
| 037 |
|
|
|b Universidade do Vale do Rio dos Sinos, Av. Unisinos, 950, Caixa Postal 275, CEP 93022-000 São Leopoldo, RS Brasil
|
| 040 |
|
|
|a HUA
|b eng
|c HUA
|d NTE
|d OCLCQ
|d HEBIS
|d OCLCQ
|d AU@
|d DEBBG
|d TXA
|d GWDNB
|d CUS
|d OCLCQ
|d GBVCP
|d OCLCF
|d OCLCO
|d CUS
|d OCLCQ
|d COO
|d DEBSZ
|d OCLCA
|d WaSeSS
|
| 041 |
0 |
|
|a por
|a eng
|
| 042 |
|
|
|a pcc
|
| 043 |
|
|
|a s-bl---
|
| 050 |
1 |
4 |
|a RC467
|b .C66
|
| 210 |
0 |
|
|a Contextos Clín.
|
| 222 |
|
0 |
|a Contextos Clínicos
|
| 245 |
0 |
0 |
|a Contextos clínicos
|h [electronic resource].
|
| 260 |
|
|
|a São Leopoldo, RS :
|b Universidade do Vale do Rio dos Sinos,
|c ©2008-
|
| 310 |
|
|
|a Semiannual
|
| 362 |
1 |
|
|a Began with: Vol. 1, n. 1 (jan./junho 2008).
|
| 506 |
|
|
|a License restrictions may limit access.
|
| 538 |
|
|
|a Mode of access: World Wide Web.
|
| 546 |
|
|
|a In Portuguese, with some contributions in English.
|
| 588 |
|
|
|a Description based on: Vol. 1, n. 1 (jan./junho 2008); title from PDF article running title (unisinos site, viewed Apr. 6, 2011).
|
| 588 |
|
|
|a Latest issue consulted: Vol. 3, n. 1 (jan./junho 2010) (unisinos site, viewed Apr. 6, 2011).
|
| 650 |
|
0 |
|a Clinical psychology
|v Periodicals.
|
| 650 |
|
0 |
|a Clinical psychology
|z Brazil
|v Periodicals.
|
| 650 |
|
7 |
|a Clinical psychology.
|2 fast
|0 (OCoLC)fst00864407
|
| 651 |
|
7 |
|a Brazil.
|2 fast
|0 (OCoLC)fst01206830
|
| 655 |
|
0 |
|a Electronic journals.
|
| 710 |
2 |
|
|a Universidade do Vale do Rio dos Sinos.
|
| 856 |
4 |
0 |
|z Full text available from Research Library: 01/01/2011 to present
|u https://search.proquest.com/publication/2040962
|